000 00438nam a2200169Ia 4500
005 20250508151744.0
008 008 250505s9999 xx 000 0 hin d
037 _aTextual
040 _aFEDL
_beng
_cFEDL
041 _ahin
_2eng
084 _a891.431, UMA
_qFEDL
245 0 _aVarsakar
260 _aPatna, India
_bBetter Books Company
300 _a59p.
942 _cTEXL
_h891.431, UMA
999 _c1331949
_d1331949